Legal secrets: equality and efficiency in the common law
| Main Author: | |
|---|---|
| Format: | Print Book |
| Language: | English |
| Published: |
Chicago [u.a.]
University of Chicago Press
1988
|
| In: | Year: 1988 |
| Online Access: |
Contributor biographical information Inhaltstext (Publisher) Table of Contents |
| Availability in Tübingen: | Present in Tübingen. UB: KB 18 A 9995 |
| Check availability: | HBZ Gateway |
| Subito Delivery Service: | Order now. |
| Keywords: |
MARC
| LEADER | 00000cam a2200000 c 4500 | ||
|---|---|---|---|
| 001 | 27540661X | ||
| 003 | DE-627 | ||
| 005 | 20251222212820.0 | ||
| 007 | tu | ||
| 008 | 900109s1988 xxk||||| 00| ||eng c | ||
| 020 | |a 0226737780 |9 0-226-73778-0 | ||
| 020 | |a 0226737799 |9 0-226-73779-9 | ||
| 035 | |a (DE-627)27540661X | ||
| 035 | |a (DE-576)019371756 | ||
| 035 | |a (DE-599)GBV27540661X | ||
| 035 | |a (OCoLC)246708142 | ||
| 035 | |a (OCoLC)17479195 | ||
| 035 | |a (OCoLC)17479195 | ||
| 035 | |a (DE-604)8024139173 | ||
| 035 | |a (AT-OBV)AC01956978 | ||
| 040 | |a DE-627 |b ger |c DE-627 |e rakwb | ||
| 041 | |a eng | ||
| 044 | |c XA-GB |c XD-US | ||
| 050 | 0 | |a K230.S34 | |
| 082 | 0 | |a 340.122 | |
| 082 | 0 | |a 340.1 | |
| 084 | |a PU 5320 |2 rvk |0 (DE-625)rvk/140628: | ||
| 100 | 1 | |a Scheppele, Kim Lane |d 1953- |0 (DE-588)171726987 |0 (DE-627)061964212 |0 (DE-576)13249891X |4 aut | |
| 109 | |a Scheppele, Kim Lane 1953- |a Lane Scheppele, Kim 1953- | ||
| 245 | 1 | 0 | |a Legal secrets |b equality and efficiency in the common law |c Kim Lane Scheppele |
| 264 | 1 | |a Chicago [u.a.] |b University of Chicago Press |c 1988 | |
| 300 | |a XIII, 363 S. | ||
| 336 | |a Text |b txt |2 rdacontent | ||
| 337 | |a ohne Hilfsmittel zu benutzen |b n |2 rdamedia | ||
| 338 | |a Band |b nc |2 rdacarrier | ||
| 583 | 1 | |a Archivierung prüfen |c 20240324 |f DE-4165 |z 1 |2 pdager | |
| 650 | 0 | |a Jurisprudence | |
| 650 | 0 | |a Economics | |
| 650 | 0 | |a Contracts | |
| 650 | 0 | |a Sociological jurisprudence | |
| 689 | 0 | 0 | |d g |0 (DE-588)4078704-7 |0 (DE-627)106076612 |0 (DE-576)209209682 |a USA |2 gnd |
| 689 | 0 | 1 | |d s |0 (DE-588)4135492-8 |0 (DE-627)105664707 |0 (DE-576)209661216 |a Ökonomische Theorie des Rechts |2 gnd |
| 689 | 0 | 2 | |d s |0 (DE-588)4280567-3 |0 (DE-627)104320397 |0 (DE-576)210761741 |a Geheimnisschutz |2 gnd |
| 689 | 0 | |5 DE-101 | |
| 689 | 1 | 0 | |d s |0 (DE-588)4280567-3 |0 (DE-627)104320397 |0 (DE-576)210761741 |a Geheimnisschutz |2 gnd |
| 689 | 1 | 1 | |d s |0 (DE-588)4126505-1 |0 (DE-627)105731900 |0 (DE-576)209585617 |a Rechtstheorie |2 gnd |
| 689 | 1 | |5 (DE-627) | |
| 856 | 4 | 2 | |u http://www.loc.gov/catdir/enhancements/fy0609/88001283-b.html |x Verlag |y Contributor biographical information |7 1 |
| 856 | 4 | 2 | |u http://www.loc.gov/catdir/enhancements/fy0608/88001283-d.html |x Verlag |y Publisher description |3 Inhaltstext |7 1 |
| 856 | 4 | 2 | |u http://www.loc.gov/catdir/enhancements/fy0608/88001283-t.html |x Verlag |y Table of contents |3 Inhaltsverzeichnis |7 1 |
| 889 | |w (DE-627)010629319 | ||
| 935 | |i mdedup | ||
| 935 | |i Blocktest | ||
| 936 | r | v | |a PU 5320 |b Common Law |k Rechtswissenschaft |k Ausländisches Privatrecht, Privatrechtsvergleichung und -vereinheitlichung |k Einzelne Länder |k USA |k Common Law |0 (DE-627)127144724X |0 (DE-625)rvk/140628: |0 (DE-576)20144724X |
| 951 | |a BO | ||
| ELC | |b 1 | ||
| LOK | |0 000 xxxxxcx a22 zn 4500 | ||
| LOK | |0 001 3331721581 | ||
| LOK | |0 003 DE-627 | ||
| LOK | |0 004 27540661X | ||
| LOK | |0 005 20151022113805 | ||
| LOK | |0 008 930108||||||||||||||||ger||||||| | ||
| LOK | |0 040 |a DE-21 |c DE-627 |d DE-21 | ||
| LOK | |0 852 |a DE-21 | ||
| LOK | |0 852 1 |c KB 18 A 9995 |9 00 | ||
| LOK | |0 935 |a krim | ||
| LOK | |0 939 |a 08-01-93 |b l01 | ||
| ORI | |a SA-MARC-krimdoka001.raw | ||
| SIG | |a UB: KB 18 A 9995 | ||
